00997nam a2200241Ia 450000100060000000300090000600800410001504000130005604000130006904100130008210000240009510000290011924500850014824500850023325000110031826000110032926000080034026000490034830000550039750002410045265000310069365000310072486886IT-RoPAU130308s9999 xx 000 0 und d aIT-RoPAU cIT-RoPAU aITALIANO aPellitteri Giuseppe gCodice Aut. SPICS: 2751 aEnciclopedia della stampa-Aggiornamento N.07: isomorfismo e polimorfismo grafico bEnciclopedia della Stampa-Aggiornamento N.07: isomorfismo e polimorfismo Grafico a1a ed. aTORINO bSEI c1973 [1° Ed.:1973 - Ed.Ling.Originale:1973] a"48 p. (prefazione: no ; testo: 48 [pagine: 0-0])" aPercezione Visibilità Leggibilità Percezione visiva impaginazione grafica Disposizione grafica Secondo moduli Variazioni Formali di un testo Paraiconografia Specchietti e Diagrammi Tabelle e schemi Variazioni varie Segni Alfabetici aENCICLOPEDIE SULL'EDITORIA eCodice materia Spics: 6601